| 000 | 00756nam a2200169 i 4500 | ||
|---|---|---|---|
| 001 | 183299 | ||
| 003 | ES-MaACL | ||
| 005 | 20230906221846.0 | ||
| 008 | 140213s1873 sp |||| | spa d | ||
| 110 | 2 |
_aInstituto Geográfico y Estadístico (España) _93892 |
|
| 245 | 1 | 0 |
_aProvincia de Sevilla _b: comparación de las superficies dadas por el amillaramiento, con las que resultan de los planos / _cInstituto Geografico y Estadistico, Trabajos Topograficos. |
| 260 |
_a[Madrid] : Instituto Geográfico y Estadístico, _c1873. |
||
| 300 |
_a101 h. dobles ; _c33 cm. |
||
| 650 | 4 |
_aCatastro- _zSevilla (Provincia) _9226200 |
|
| 852 |
_aES-MaACL _jG-2242 _z.- Ejemplar velografiado _z.- Sello del Instituto Geográfico y Estadístico |
||
| 999 |
_c183299 _d183299 |
||